000 00539nam a2200193Ia 4500
003 OSt
005 20240514163411.0
008 210210b1957 xxu||||| |||| 00| 0 eng d
040 _aAL
_c
041 _aKannada
082 _a853/338
100 _aRAVINDRANATHA TAKURA
_925121
_dರವೀಂದ್ರನಾಥ ಠಾಕೂರ್
245 _aAnchemane
_b ಅಂಚೆಮನೆ
260 _aMaisuru
_bKavyalaya
_c1957
650 _aRabindranath Tagore
_925122
690 _aKannada Drama
_925123
906 _a019614
942 _2ddc
_cBK
999 _c143748
_d143748